000 00621nam a2200229Ia 4500
005 20250923145511.0
008 008 250917s9999 xx 000 0 eng d
037 _aTextual
040 _aDSWL
_beng
_cDSWL
041 _aeng
_2eng
084 _aY:4x, N77
_qDSWL
100 _aRubington, E.
_9835964
245 0 _aStudy of Social Problems: Five perspectives
_c by E. Rubington
250 _a2nd
260 _aNew York
_b Oxford
_c1977
300 _aix,253p.
365 _aUSD
_b5
700 _a M.S. Weinberg
_9835965
925 _g5
942 _cTEXL
_hY:4x, N77
999 _c1452102
_d1452102